Vstup Slovenskej republiky do eurozóny

Vznik hospodárskej a menovej únie. Prístupová zmluva SR do Európskej únie. Ukazovatele reálnej konvergencie. Nominálna konvergencia.

Na minha lista:
Detalhes bibliográficos
Autor principal: Fabová, Ľudmila
Formato: Capítulo de Livro
Idioma:eslovaco
Assuntos:
Tags: Adicionar Tag
Sem tags, seja o primeiro a adicionar uma tag!

MARC

LEADER 00000naa$a2200000$$$4500
001 0107730
005 20220715094023.7
041 0 |a slo 
044 |a SK 
245 1 0 |a Vstup Slovenskej republiky do eurozóny  |c Ľudmila Fabová 
520 |a Vznik hospodárskej a menovej únie. Prístupová zmluva SR do Európskej únie. Ukazovatele reálnej konvergencie. Nominálna konvergencia. 
610 2 0 |a únie hospodárske 
610 2 0 |a únie menové 
610 2 0 |a eurozóna 
610 2 0 |a konvergencia 
610 2 0 |a integrácia ekonomická medzinárodná 
610 2 0 |a Európska únia 
610 2 0 |a Slovensko 
100 1 |a Fabová, Ľudmila